[Event "GRE-ch U12 Girls"]
[Site "Peristeri"]
[Date "2023.07.06"]
[Round "6"]
[White "Xynidi, Areti"]
[Black "Psarianou, Eleni"]
[Result "1-0"]
[WhiteElo "1109"]
[BlackElo "1228"]
[PlyCount "97"]
[EventDate "2023.07.03"]
[EventType "swiss"]
[EventRounds "9"]
[EventCountry "GRE"]
[SourceTitle "EXT 2024"]
[Source "ChessBase"]
[SourceDate "2023.10.10"]
[SourceVersion "1"]
[SourceVersionDate "2023.10.10"]
[SourceQuality "1"]

1. d4 d5 2. c4 c6 3. Nf3 Nf6 4. Nc3 e6 5. Bg5 Nbd7 6. e3 Qa5 7. Nd2 Bd6 8. Bxf6 Nxf6 9. a3 0-0 10. b4 Qc7 11. Nf3 Bd7 12. c5 Be7 13. Ne5 Rfe8 14. Bd3 b6 15. cxb6 axb6 16. 0-0 c5 17. Nxd7 Qxd7 18. Bb5 Qc7 19. Bxe8 Rxe8 20. bxc5 bxc5 21. Rc1 c4 22. a4 Ra8 23. f3 Bd6 24. h3 Bh2+ 25. Kh1 Bg3 26. f4 Qe7 27. Qf3 Bh4 28. g3 Bxg3 29. Qxg3 Nh5 30. Qg4 g6 31. Rg1 Ng7 32. e4 Qd6 33. f5 dxe4 34. Qxe4 Rb8 35. fxg6 hxg6 36. Nb5 Qb4 37. Rb1 Qxa4 38. Nc3 Qe8 39. Rxb8 Qxb8 40. d5 Qb3 41. Qf3 exd5 42. Rf1 Nf5 43. Rg1 Nd4 44. Qe3 Nc2 45. Qe8+ Kg7 46. Qe5+ Kg8 47. Qxd5 Kg7 48. Qe5+ Kg8 49. Rb1 1-0